Sesión extraordinaria celebrada por la Sociedad Española de Higiene / (Record no. 39598)

MARC details
000 -LEADER
campo de control de longitud fija 00580nam a2200169 i 4500
001 - NÚMERO DE CONTROL
campo de control 39598
003 - IDENTIFICADOR DE NÚMERO DE CONTROL
campo de control ES-MaACL
005 - FECHA Y HORA DE LA ÚLTIMA TRANSACCIÓN
campo de control 20231221152302.0
007 - CAMPO FIJO DE DESCRIPCIÓN FÍSICA--INFORMACIÓN GENERAL
campo de control de longitud fija t|
008 - DATOS DE LONGITUD FIJA--INFORMACIÓN GENERAL
campo de control de longitud fija 030303s1910 sp ||||1| spa d
100 1# - ENTRADA PRINCIPAL--NOMBRE DE PERSONA
Nombre de persona Canalejas, José,
Fechas asociadas al nombre 1854-1912
9 (RLIN) 34382
245 10 - MENCIÓN DEL TÍTULO
Título Sesión extraordinaria celebrada por la Sociedad Española de Higiene /
Mención de responsabilidad, etc. bajo la presidencia de José Canalejas y Méndez, presidente del Consejo de Ministros, 8 de marzo de 1910.
260 ## - PUBLICACIÓN, DISTRIBUCIÓN, ETC.
Lugar de publicación, distribución, etc. Madrid :
Nombre del editor, distribuidor, etc. [s.n.],
Fecha de publicación, distribución, etc. 1910.
300 ## - DESCRIPCIÓN FÍSICA
Extensión 1 v.
852 ## - LOCALIZACIÓN
Ubicación ES-MaACL
Número de control de estantería 1634-F-1
Holdings
Estatus retirado Estado de pérdida Estado de daño No para préstamo Colección Biblioteca de origen Biblioteca actual Ubicación en estantería Fecha de adquisición Fuente de adquisición Total de préstamos Signatura topográfica completa Código de barras Visto por última vez Precio de reemplazo Tipo de ítem Koha
        Colección de folletos Biblioteca del Ateneo de Madrid Biblioteca del Ateneo de Madrid Depósito folletos 17/01/2008     1634-F-1 1041703 23/02/2023 23/02/2023 Folleto